000 00410nam a22001697a 4500
005 20180703152503.0
008 160611b xxu||||| |||| 00| 0 eng d
020 _a9788120312814
041 _aeng
082 _b6910
_a658.11
100 _aHolt, David H
_91701
245 _aEntrepreneurship New Vanture Creation
260 _aNew Delhi
_bPHI,
300 _a484p,
650 _aManagement
_9241
942 _cBK
999 _c2403
_d2402